Mangez toute la nourriture dans l'assiette ! - Nourriture par pays - Statistiques

Statistiques générales
  • Ce quiz a été pris 843 fois
  • Le résultat moyen est 3 sur 10
Réponses sur la Carte
Les réponses sont colorées sur une échelle allant du rouge au vert en fonction du pourcentage des utilisateurs qui les ont devinées à leur premier essai. Vous pouvez retrouver ces pourcentages ci-dessous.
 
Statistiques - réponses
Nourriture Pays % Correct
Sushi Japon
100%
Baguette France
98%
Poutine Canada
72%
Pierogi Pologne
22%
Vegemite sur toast Australie
21%
Gozleme Turquie
16%
Spanakopita Grèce
10%
Biltong Afrique du Sud
3%
Amok de poisson Cambodge
3%
Sonhos de Bananas Sao Tomé-et-Principe
1%
Aucun quiz correspondant
Distribution des résultats
% des personnes avec chaque résultat
Percentile par nombre de réponses
Votre historique - résultats
Vous n’avez pas pris ce quiz